书目信息 |
| 题名: |
章太炎全集
|
|
| 作者: | 章太炎 著 | |
| 分册: | 一 | |
| 出版信息: | 上海 上海人民出版社 1982.02 |
|
| 页数: | 381页 | |
| 开本: | 20cm | |
| 丛书名: | ||
| 单 册: | ||
| 中图分类: | B259.2 | |
| 科图分类: | ||
| 主题词: | 近代哲学--中国 , 个人-道德修养 | |
| 电子资源: | ||
| ISBN: | ||
| 000 | 00619nam0 2200229 45 | |
| 001 | 0303210920 | |
| 005 | 20070801111038.43 | |
| 010 | @dCNY2.50@b精装 | |
| 091 | @a11074.448 | |
| 100 | @a20030321d1982 km y0chiy0120 ea | |
| 101 | 0 | @achi |
| 105 | @aa z 000yy | |
| 200 | 1 | @a章太炎全集@AZhang Tai Yan Quan Ji@h一@f章太炎著@FZhang Tai Yan Zhu |
| 210 | @a上海@c上海人民出版社@d1982.02 | |
| 215 | @a381页@c照片@d20cm | |
| 300 | @a太炎文录续编 | |
| 606 | 0 | @a近代哲学@x中国 |
| 606 | 0 | @a个人-道德修养 |
| 690 | @aB259.2@v3 | |
| 701 | 0 | @a章太炎@4著 |
| 801 | @aCN@bTSTC@c20070801 | |
| 905 | @dB259.2@e17:1@f1@b178989 | |
| 章太炎全集.一/章太炎著.-上海:上海人民出版社,1982.02 |
| 381页:照片;20cm |
| 太炎文录续编 |
| ISBN (精装):CNY2.50 |
| ● |
| 相关链接 |
|
|
|
|
正题名:章太炎全集
索取号:B259.2/17:1
 
预约/预借
| 序号 | 登录号 | 条形码 | 馆藏地/架位号 | 状态 | 备注 |
| 1 | 0790851 | 207908512 | 密集书库/ [索取号:B259.2/17:1] | 在馆 |